Normal view MARC view

Entry Topical Term

Number of records used in: 1

001 - CONTROL NUMBER

  • control field: 120

003 - CONTROL NUMBER IDENTIFIER

  • control field: csc

005 - DATE AND TIME OF LATEST TRANSACTION

  • control field: 20140507162048.0

008 - FIXED-LENGTH DATA ELEMENTS

  • fixed length control field: 091030|||a|||||| | ||| d

040 ## - CATALOGING SOURCE

  • Original cataloging agency: csc
  • Transcribing agency: csc

150 ## - HEADING--TOPICAL TERM

  • Topical term or geographic name entry element: Manors
  • Geographic subdivision: England
  • Geographic subdivision: Worcestershire
  • General subdivision: History.

670 ## - SOURCE DATA FOUND

  • Source citation: Work cat.: (csc)0: Mulvagh, Jane. 201, Madresfield :, 2009, c2008.